| 000 | 01883nam a2200469 i 4500 | ||
|---|---|---|---|
| 001 | 30336 | ||
| 003 | KOSZ 005 | ||
| 005 | 20240405063050.0 | ||
| 008 | 200617s1994 pl a g f 100 0 pol | ||
| 015 | _aPB 1996/17183 | ||
| 020 | _a8386123125 | ||
| 040 |
_aWA N _cWA N _dKOSZ 005/RW |
||
| 045 |
_bd1918 _bd1919 |
||
| 046 | _k1994 | ||
| 080 | _a94(438).081 | ||
| 080 | _a94(430) | ||
| 245 | 0 | 0 |
_aNiemcy a Powstanie Wielkopolskie 1918-1919 : _bmateriały z VIII Ogólnopolskiego Seminarium Historyków Powstania Wielkopolskiego : [Kościan 10 kwietnia 1987] / _credakcja naukowa Bogusław Polak ; [Instytut Zarządzania i Marketingu Wyższej Szkoły Inżynierskiej w Koszalinie]. |
| 260 |
_aKoszalin : _bWydawnictwo Uczelniane Wyższej Szkoły Inżynierskiej, _c1994. |
||
| 300 |
_a308, [19] stron, [4] strony tablic : _bfotografie, mapy, wykresy ; _c24 cm. |
||
| 336 |
_aTekst _btxt _2rdacontent |
||
| 337 |
_aBez urządzenia pośredniczącego _bn _2rdamedia |
||
| 338 |
_aWolumin _bnc _2rdacarrier |
||
| 380 | _aKsiążki. | ||
| 380 | _aPublikacje naukowe | ||
| 388 | _a1901-2000 | ||
| 388 | _a1989-2000 | ||
| 648 | 7 | _a1901-2000 | |
| 648 | 7 | _a1918-1939 | |
| 648 | 7 | _a1939-1945 | |
| 650 | 7 | _aPolityka | |
| 650 | 7 | _aPowstanie wielkopolskie (1918-1919) | |
| 651 | 7 | _aPolska | |
| 651 | 7 | _aNiemcy | |
| 655 | 7 | _aMateriały konferencyjne | |
| 658 | _aHistoria | ||
| 600 | 1 | 4 |
_aGrygier, Tadeusz _eAutor |
| 700 | 1 |
_aPolak, Bogusław _d(1945- ) _eRedakcja |
|
| 710 | 2 |
_aWydawnictwo Uczelniane (Wyższa Szkoła Inżynierska ; Koszalin) _4pbl |
|
| 711 | 2 |
_aOgólnopolskie Seminarium Historyków Powstania Wielkopolskiego _n(8 ; _d1987 ; _cKościan) |
|
| 856 |
_uhttp://koha.tu.koszalin.pl/cgi-bin/koha/opac-detail.pl?biblionumber=30336 _yKatalog online BPK |
||
| 942 |
_2UKD _cKS |
||
| 999 |
_c30336 _d30336 |
||